Normal view
MARC view
- ادارة الاعمال - ادارة الكترونية - تسويق الكتروني
Entry Topical Term
001 - CONTROL NUMBER
- control field: 57886
003 - CONTROL NUMBER IDENTIFIER
- control field: JO-AjAnu
005 - DATE AND TIME OF LATEST TRANSACTION
- control field: 20230606083457.0
008 - FIXED-LENGTH DATA ELEMENTS
- fixed length control field: 230606|| aca||aabn | a|a d
040 ## - CATALOGING SOURCE
- Original cataloging agency: JO-AjAnu
- Transcribing agency: JO-AjAnu
150 ## - HEADING--TOPICAL TERM
- Topical term or geographic name entry element: ادارة الاعمال - ادارة الكترونية - تسويق الكتروني
670 ## - SOURCE DATA FOUND
- Source citation: Work cat.: (JO-AjAnu)29534: الزعارير ، راكز ، م.مشارك غسان الطالب , author 57885, الاداره الالكترونيه والتسويق الالكتروني لمنظمات الاعمال المعاصره: ( التسويق الالكتروني، الميزه التنافسيه، ريادة الاعمال، ادارة المعرفه ادارة الوقت الحاكميه المؤسسيه، الحكومه الالكترونيه )